A Comparative Study of William Wordsworth & Subramania Bharati/ (Record no. 190642)

MARC details
000 -LEADER
fixed length control field 00591nam a22001817a 4500
005 - DATE AND TIME OF LATEST TRANSACTION
control field 20220801172547.0
010 ## - LCCN (DPL NO)
LC control number ENG-134130
020 ## - INTERNATIONAL STANDARD BOOK NUMBER
International Standard Book Number 9788123421025
Terms of availability 160.00
035 ## - SYSTEM CONTROL NUMBER
System control number EN-117662
037 ## - SOURCE OF ACQUISITION
Source of stock number/acquisition DBAB/PUB
082 ## - DEWEY DECIMAL CLASSIFICATION NUMBER
Classification number 181.49
100 ## - MAIN ENTRY--PERSONAL NAME
Personal name Kanitha, S.
245 ## - TITLE STATEMENT
Title A Comparative Study of William Wordsworth & Subramania Bharati/
Statement of responsibility, etc by S. Kanitha
260 ## - PUBLICATION, DISTRIBUTION, ETC. (IMPRINT)
Place of publication, distribution, etc Chennai
Name of publisher, distributor, etc New Century Book House (P) Ltd
Date of publication, distribution, etc 2012
270 ## - ADDRESS
Address 41-B, SIDCO Industrial Estate, Ambattur
City Chennai
Postal code 600098
Electronic mail address info@ncbh.in
300 ## - PHYSICAL DESCRIPTION
Extent v, 330p.
Dimensions 21cm(pbk)
942 ## - ADDED ENTRY ELEMENTS (KOHA)
Source of classification or shelving scheme Dewey Decimal Classification
Item type English Books
Classification part 181.49
Call number suffix KAN
Holdings
Withdrawn status Lost status Not for loan Collection code Home library Current library Date acquired Source of acquisition Cost, normal purchase price Full call number Barcode Copy number Cost, replacement price Koha item type
      Non-fiction Ashok Vihar Ashok Vihar 01/08/2022 DBAD/PUB 160.00 181.49 KAN EN-117662 1 160.00 English Books

© Delhi Public Library
Hit Counter
free hit counter